INTRODUCTION TO PHYSICAL EDUCATION PART A: THEORY XI (Record no. 11194)

MARC details
000 -LEADER
fixed length control field 00308nam a22000977a 4500
008 - FIXED-LENGTH DATA ELEMENTS--GENERAL INFORMATION
fixed length control field 181009b ||||| |||| 00| 0 eng d
020 ## - INTERNATIONAL STANDARD BOOK NUMBER
International Standard Book Number 9788177395273
100 ## - MAIN ENTRY--PERSONAL NAME
Personal name SHARMA V D
9 (RLIN) 6950
245 ## - TITLE STATEMENT
Title INTRODUCTION TO PHYSICAL EDUCATION PART A: THEORY XI
Remainder of title CBSE SYLLABUS
260 ## - PUBLICATION, DISTRIBUTION, ETC. (IMPRINT)
Place of publication, distribution, etc. NEW DELHI
Name of publisher, distributor, etc. AVICHAL PUBLICATION
Date of publication, distribution, etc. 2018
Holdings
Withdrawn status Lost status Source of classification or shelving scheme Damaged status Koha normalized classification for sorting Not for loan Home library Current library Shelving location Date acquired Total Checkouts Full call number Barcode Date last seen Date last checked out Price effective from Koha item type
    Dewey Decimal Classification   SHA_372_860000000000000   Good Samaritan School Library Good Samaritan School Library PHYSICAL EDUCATION 10/09/2018 2 SHA372.86 SHA15098 10/15/2024 09/19/2024 10/09/2018 BOOK

Powered by Koha